000 00332nam a2200121Ia 4500
005 20250603145723.0
008 250603s9999 xx 000 0 und d
020 _a978-0-19-475615-0
245 0 _aSkills for Success 1: Listening and Speaking. Teacher's Handbook
260 _bOxford University Press
260 _c2011
942 _cBK
999 _c42658
_d42658